• 首页
  • 本馆介绍
  • 公告通知
  • 最新文献
  • 馆藏检索
  • 电子资源
  • 读者导购
  • 参考咨询
  • 我的图书馆
  • 登录
  • 详细信息显示
  • 放入我的书架
  • 预约/预借图书
  • 作者相关作品
  • 分类相关作品
  • 丛书相关作品
  • 出版社相关作品

书目信息

  • 表格格式
  • 工作单格式
  • 卡片格式
题名:
为什么是摄影
    
 
作者: 赵钢 著
分册:  
出版信息: 北京   电子工业出版社  2019
页数: 282页
开本: 27cm
丛书名:
单 册:
中图分类: J41 , TB8
科图分类:
主题词: 摄影艺术 , 摄影技术
电子资源:
ISBN: 978-7-121-35359-8
000 01078nam0 2200265 450
001 2333717226
005 20231129124105.87
010    @a978-7-121-35359-8@dCNY118.00
100    @a20190406d2019 em y0chiy50 ea
101 0  @achi
102    @aCN@b110000
105    @aa z 000yy
200 1  @a为什么是摄影@Awei shen me shi she ying@e摄影给了我自由的生活@f赵钢著
210    @a北京@c电子工业出版社@d2019
215    @a282页@c照片,彩照@d27cm
314    @a赵钢 (1972-),男,曾任美国《国家地理》杂志中文版《华夏地理》专职摄影师。
330    @a本书是一本摄影基础理论与实践相结合的书籍,几乎涵盖了摄影所能涉及到的全部实用理论与实用技术。赵钢在书中用了大量的文字阐述自己的摄影观点,同时引用自己20年来所拍摄的摄影作品进行举例分析,还有每张照片背后原理的翔实说明。让读者明白摄影的规则是什么、什么时候可以适当地打破它。
517 1  @a摄影给了我自由的生活@Ashe ying gei le wo zi you de sheng huo
606 0  @a摄影艺术
606 0  @a摄影技术
690    @aJ41@v5
690    @aTB8@v5
701  0 @a赵钢@Azhao gang@f(1972-)@4著
801  0 @aCN@b山东中教@c20231126
905    @aBZT@dJ41@e67
    
    为什么是摄影:摄影给了我自由的生活/赵钢著.-北京:电子工业出版社,2019
    282页:照片,彩照;27cm
    
    
    ISBN 978-7-121-35359-8:CNY118.00
    本书是一本摄影基础理论与实践相结合的书籍,几乎涵盖了摄影所能涉及到的全部实用理论与实用技术。赵钢在书中用了大量的文字阐述自己的摄影观点,同时引用自己20年来所拍摄的摄影作品进行举例分析,还有每张照片背后原理的翔实说明。让读者明白摄影的规则是什么、什么时候可以适当地打破它。
●
相关链接 在五车中查询图书 在当当中查询图书 在豆瓣中查询图书


正题名:为什么是摄影     索取号:J41/67         预约/预借

序号 登录号 条形码 馆藏地/架位号 状态 备注
1 2001145780   2001145780   中教(第二批第二书库)/山东中教(第二书库)/661/ [索取号:J41/67] 在馆    
2 2001145781   2001145781   中教(第二批第二书库)/山东中教(第二书库)/661/ [索取号:J41/67] 在馆    
3 2001145782   2001145782   中教(第二批第二书库)/山东中教(第二书库)/661/ [索取号:J41/67] 在馆    
4 2001145783   2001145783   中教(第二批第二书库)/山东中教(第二书库)/661/ [索取号:J41/67] 在馆    
5 2001145784   2001145784   中教(第二批第二书库)/山东中教(第二书库)/661/ [索取号:J41/67] 在馆    
6 2001145785   2001145785   中教(第二批第二书库)/山东中教(第二书库)/661/ [索取号:J41/67] 在馆    
7 2001145786   2001145786   中教(第二批第二书库)/山东中教(第二书库)/661/ [索取号:J41/67] 在馆    
8 2001145787   2001145787   中教(第二批第二书库)/山东中教(第二书库)/661/ [索取号:J41/67] 在馆    
9 2001145788   2001145788   中教(第二批第二书库)/山东中教(第二书库)/661/ [索取号:J41/67] 在馆    
10 2001145789   2001145789   中教(第二批第二书库)/山东中教(第二书库)/661/ [索取号:J41/67] 在馆    
11 2001145790   2001145790   中教(第二批第二书库)/山东中教(第二书库)/661/ [索取号:J41/67] 在馆    
12 2001145791   2001145791   中教(第二批第二书库)/山东中教(第二书库)/661/ [索取号:J41/67] 在馆    
13 2001145792   2001145792   中教(第二批第二书库)/山东中教(第二书库)/661/ [索取号:J41/67] 在馆    
14 2001145793   2001145793   中教(第二批第二书库)/山东中教(第二书库)/661/ [索取号:J41/67] 在馆    
15 2001145794   2001145794   中教(第二批第二书库)/山东中教(第二书库)/661/ [索取号:J41/67] 在馆    
16 2001145795   2001145795   中教(第二批第二书库)/山东中教(第二书库)/661/ [索取号:J41/67] 在馆    
17 2001145796   2001145796   中教(第二批第二书库)/山东中教(第二书库)/661/ [索取号:J41/67] 在馆    
18 2001145797   2001145797   中教(第二批第二书库)/山东中教(第二书库)/661/ [索取号:J41/67] 在馆    
19 2001145798   2001145798   中教(第二批第二书库)/山东中教(第二书库)/661/ [索取号:J41/67] 在馆    
20 2001145799   2001145799   中教(第二批第二书库)/山东中教(第二书库)/661/ [索取号:J41/67] 在馆    
21 2001189241   2001189241   中教(第二批第二书库)/山东中教(第二批)/1900/ [索取号:J41/67] 在馆    
22 2001189242   2001189242   中教(第二批第二书库)/山东中教(第二批)/1900/ [索取号:J41/67] 在馆    
23 2001189243   2001189243   中教(第二批第二书库)/山东中教(第二批)/1900/ [索取号:J41/67] 在馆    
24 2001189244   2001189244   中教(第二批第二书库)/山东中教(第二批)/1900/ [索取号:J41/67] 在馆    
25 2001189245   2001189245   中教(第二批第二书库)/山东中教(第二批)/1900/ [索取号:J41/67] 在馆    
26 2001189246   2001189246   中教(第二批第二书库)/山东中教(第二批)/1900/ [索取号:J41/67] 在馆    
27 2001189247   2001189247   中教(第二批第二书库)/山东中教(第二批)/1900/ [索取号:J41/67] 在馆    
28 2001189248   2001189248   中教(第二批第二书库)/山东中教(第二批)/1900/ [索取号:J41/67] 在馆    
29 2001189249   2001189249   中教(第二批第二书库)/山东中教(第二批)/1900/ [索取号:J41/67] 在馆    
30 2001189250   2001189250   中教(第二批第二书库)/山东中教(第二批)/1900/ [索取号:J41/67] 在馆    
山东省滨州职业学院图书馆 欢迎您!
大连网信软件有限公司© 版权所有